000
00315nam a2200133Ia 4500
005
20251222141905.0
008
251222s9999||||xx |||||||||||||| ||spa||
082
_a
327.11/R46
100
_a
Revel, Jean-Francois
245
0
_a
Cómo Terminan las Democracias
250
_a
1ra.ed.
264
_b
Planeta
942
_c
LIB
999
_c
8181
_d
8181